| 000 | 00690nam a2200205 i 4500 | ||
|---|---|---|---|
| 001 | 123772 | ||
| 003 | ES-MaACL | ||
| 005 | 20240425063221.0 | ||
| 007 | t| | ||
| 008 | 070214s1983 sp r ||||1| spa d | ||
| 080 | _a821.134.2-23"19" | ||
| 100 | 0 |
_aQuiñones, Fernando, _d1930-1998 _994750 |
|
| 245 | 1 | 3 |
_aEl grito _b: comedia dramática andaluza en dos actos : estrenada el día 29 de enero de 1982 en el Teatro Falla de Cádiz / _cFernando Quiñones. |
| 260 |
_aMadrid : _bPreyson, _c1983. |
||
| 300 |
_a55 p. ; _c16 cm. |
||
| 490 | 1 |
_aArte escénico ; _v10 |
|
| 830 | 0 |
_aArte escénico ; _v10 _9180796 |
|
| 852 |
_aES-MaACL _jL-5417 _bR.105896 |
||
| 999 |
_c123772 _d123772 |
||